|
|
|
|
| LEADER |
00000cam a2200000 7i4500 |
| 001 |
0000000771 |
| 005 |
20001003.0 |
| 020 |
0 |
0 |
|a 0813385164
|
| 090 |
0 |
0 |
|a 910
|b ART 1992
|
| 245 |
0 |
4 |
|a The ART and science of geography :
|b U.S. and Soviet perspectives
|c edited by Vladimir V. Annenkov and George J. Demko
|
| 260 |
0 |
0 |
|a Boulder :
|b Westview Press ,
|c 1992
|
| 300 |
|
|
|a xiii, 159 p. ;
|c 24 cm.
|
| 500 |
0 |
0 |
|a Translated from the Russian
|a Includes index
|
| 650 |
0 |
0 |
|a Geography
|z Soviet Union
|
| 650 |
0 |
0 |
|a Geography
|z United States
|
| 700 |
0 |
1 |
|a Annenkov
|h V. V.
|
| 700 |
0 |
1 |
|a Demko
|h George J. ,
|c 1933-
|
| 999 |
|
|
|a 0000000346
|b Monograph
|c Open Shelf
|e Default branch
|